Ekonomická integrácia arabských štátov - výhody a riziká pre globálnu ekonomiku diplomová práca

Guardado en:
Detalles Bibliográficos
Autor principal: Kňazko, Martin
Autor Corporativo: Národohospodárska fakulta EU. Katedra bankovníctva a medzinárodných financií
Otros Autores: Kotlebová, Jana, 1969-
Formato: Libro
Lenguaje:eslovaco
Publicado: Bratislava 2011
Etiquetas: Agregar Etiqueta
Sin Etiquetas, Sea el primero en etiquetar este registro!

MARC

LEADER 00000nbm a2200000 4500
001 0130613
005 20161109101555.6
041 0 |a slo 
044 |a SK 
245 1 0 |a Ekonomická integrácia arabských štátov - výhody a riziká pre globálnu ekonomiku  |b diplomová práca  |c Martin Kňazko ; školiteľ: Jana Kotlebová 
264 1 |a Bratislava  |c 2011 
300 |a 82 s. 
100 1 |a Kňazko, Martin 
700 1 |a Kotlebová, Jana, 1969- 
710 2 |a Národohospodárska fakulta EU. Katedra bankovníctva a medzinárodných financií